[Event "Bratislava Slovan op"]
[Site "Bratislava"]
[Date "2019.05.06"]
[Round "7"]
[White "Cibiri, Ivan"]
[Black "Zacka, Ladislav"]
[Result "0-1"]
[WhiteElo "1590"]
[BlackElo "1758"]
[PlyCount "80"]
[EventDate "2019.05.01"]
[EventType "swiss"]
[EventRounds "9"]
[EventCountry "SVK"]
[SourceTitle "CBM 190 Extra"]
[Source "ChessBase"]
[SourceDate "2019.07.15"]
[SourceVersion "1"]
[SourceVersionDate "2019.07.15"]
[SourceQuality "1"]

1. d4 d5 2. Nc3 Nf6 3. Bf4 a6 4. e3 e6 5. Bd3 Be7 6. Nf3 Nbd7 7. Ne5 0-0 8. h4 c5 9. h5 c4 10. Be2 b5 11. Bf3 Bb7 12. a3 Re8 13. Qe2 Qb6 14. 0-0 Bd6 15. Nxd7 Nxd7 16. Bxd6 Qxd6 17. Rad1 Bc6 18. Rfe1 a5 19. e4 Nb6 20. e5 Qf8 21. Qd2 b4 22. axb4 axb4 23. Ne2 Ra2 24. c3 b3 25. Nc1 Ra1 26. Ne2 Ra5 27. Rb1 Rea8 28. Red1 R8a7 29. Bg4 Bd7 30. g3 h6 31. Kg2 Qa8 32. Qe1 Ra2 33. Nc1 Ra1 34. Rxa1 Rxa1 35. Ne2 Rxd1 36. Qxd1 Qa2 37. Qd2 Na4 38. Nc1 Qxb2 39. Qxb2 Nxb2 40. f4 Na4 0-1

[Event "Bratislava Slovan op"]
[Site "Bratislava"]
[Date "2019.05.04"]
[Round "5"]
[White "Zacka, Ladislav"]
[Black "Strouts, Graham"]
[Result "1/2-1/2"]
[WhiteElo "1758"]
[BlackElo "1934"]
[PlyCount "84"]
[EventDate "2019.05.01"]
[EventType "swiss"]
[EventRounds "9"]
[EventCountry "SVK"]
[SourceTitle "CBM 190 Extra"]
[Source "ChessBase"]
[SourceDate "2019.07.15"]
[SourceVersion "1"]
[SourceVersionDate "2019.07.15"]
[SourceQuality "1"]

1. d4 Nf6 2. Nf3 c5 3. d5 d6 4. g3 g6 5. Bg2 Bg7 6. 0-0 0-0 7. Re1 b5 8. e4 Nbd7 9. c3 Bb7 10. Qb3 Qb6 11. Bg5 c4 12. Qc2 Nc5 13. Be3 Ng4 14. Bxc5 Qxc5 15. h3 Ne5 16. Nxe5 Bxe5 17. Kh1 f5 18. f4 Bg7 19. exf5 Rxf5 20. Rxe7 Bxd5 21. Qe2 Bxg2+ 22. Kxg2 Raf8 23. Nd2 d5 24. Nf3 b4 25. Ng5 Qc6 26. cxb4 Bf6 27. Re6 Qb7 28. Nf3 Qxb4 29. Rd1 g5 30. Nd4 Bxd4 31. Rxd4 gxf4 32. gxf4 Qb8 33. Re5 Rxe5 34. fxe5 Re8 35. e6 Qb6 36. Rg4+ Kf8 37. Qf3+ Ke7 38. Qf7+ Kd6 39. Qxe8 Qxb2+ 40. Kg3 Qe5+ 41. Kh4 Qe1+ 42. Rg3 Qe4+ 1/2-1/2

[Event "Bratislava Slovan op"]
[Site "Bratislava"]
[Date "2019.05.03"]
[Round "3"]
[White "Pirvulescu, Adrian"]
[Black "Zacka, Ladislav"]
[Result "0-1"]
[WhiteElo "1846"]
[BlackElo "1758"]
[PlyCount "52"]
[EventDate "2019.05.01"]
[EventType "swiss"]
[EventRounds "9"]
[EventCountry "SVK"]
[SourceTitle "CBM 190 Extra"]
[Source "ChessBase"]
[SourceDate "2019.07.15"]
[SourceVersion "1"]
[SourceVersionDate "2019.07.15"]
[SourceQuality "1"]

1. e4 c5 2. Nc3 d6 3. f4 Nc6 4. Nf3 e6 5. Bb5 Bd7 6. 0-0 a6 7. Bxc6 Bxc6 8. d3 g6 9. Qe1 Bg7 10. f5 Qd7 11. fxe6 fxe6 12. Ng5 Nh6 13. Qh4 0-0-0 14. Nxe6 Qxe6 15. Bxh6 Bd4+ 16. Kh1 Rhg8 17. Rf3 Be5 18. Raf1 Kb8 19. Rf7 g5 20. Bxg5 Qg6 21. Re7 Qxg5 22. Qxg5 Rxg5 23. Rff7 Rdg8 24. g3 h5 25. Nd5 h4 26. b4 hxg3 0-1

[Event "Bratislava Doprastav op"]
[Site "Bratislava"]
[Date "2019.04.21"]
[Round "7"]
[White "Zacka, Ladislav"]
[Black "Benci, Rudolf"]
[Result "1-0"]
[WhiteElo "1779"]
[BlackElo "1650"]
[PlyCount "87"]
[EventDate "2019.04.18"]
[EventType "swiss"]
[EventRounds "7"]
[EventCountry "SVK"]
[SourceTitle "CBM 189 Extra"]
[Source "ChessBase"]
[SourceDate "2019.06.03"]
[SourceVersion "1"]
[SourceVersionDate "2019.06.03"]
[SourceQuality "1"]

1. d4 d5 2. Nf3 Nf6 3. g3 c6 4. Bg2 e6 5. 0-0 Nbd7 6. b3 Bd6 7. Bb2 0-0 8. Nbd2 Re8 9. Ne5 c5 10. e3 Qc7 11. Ndf3 Ne4 12. c4 cxd4 13. exd4 b6 14. Rc1 Qd8 15. Nc6 Qf6 16. Nce5 Qe7 17. Nd3 Bb7 18. Nfe5 Rac8 19. Rc2 Nxe5 20. dxe5 Bb8 21. cxd5 Bxd5 22. Qe2 Qb7 23. f3 Rxc2 24. Qxc2 Rc8 25. Qe2 Nc5 26. Nb4 Rd8 27. Rd1 a5 28. Nxd5 Rxd5 29. f4 Rxd1+ 30. Qxd1 Qd7 31. Qxd7 Nxd7 32. Kf2 f6 33. exf6 Nxf6 34. h3 Kf7 35. Ke2 Bd6 36. Bd4 Bc7 37. a4 g6 38. Kd3 Nd7 39. Kc4 Ke7 40. Kb5 Kd6 41. Bc6 e5 42. Be3 Nc5 43. fxe5+ Kxe5 44. Bf4+ 1-0

[Event "Bratislava Doprastav op"]
[Site "Bratislava"]
[Date "2019.04.20"]
[Round "5"]
[White "Compel, Daniel"]
[Black "Zacka, Ladislav"]
[Result "1-0"]
[WhiteElo "1604"]
[BlackElo "1779"]
[PlyCount "133"]
[EventDate "2019.04.18"]
[EventType "swiss"]
[EventRounds "7"]
[EventCountry "SVK"]
[SourceTitle "CBM 189 Extra"]
[Source "ChessBase"]
[SourceDate "2019.06.03"]
[SourceVersion "1"]
[SourceVersionDate "2019.06.03"]
[SourceQuality "1"]

1. e4 c5 2. Bc4 e6 3. Qe2 Nc6 4. c3 Qc7 5. Nf3 a6 6. Bb3 b5 7. d3 d6 8. 0-0 Be7 9. d4 c4 10. Bc2 Nf6 11. Re1 0-0 12. Nbd2 Bb7 13. Nf1 Rfe8 14. e5 dxe5 15. dxe5 Nd7 16. Qe4 Nf8 17. Qg4 Ng6 18. Bf4 Na7 19. Ng5 Bxg5 20. Qxg5 Qe7 21. Bxg6 hxg6 22. Rad1 Bd5 23. Ne3 Be4 24. Nxc4 bxc4 25. Qxe7 Rxe7 26. Rxe4 Rb7 27. Bc1 Rc8 28. Rd6 Nb5 29. Rxa6 Rd7 30. Re1 Rcd8 31. a4 Na7 32. Be3 Nc8 33. Bd4 Ne7 34. g4 Rb7 35. Rb6 Rdb8 36. a5 Rxb6 37. Bxb6 Nd5 38. Bd4 Rxb2 39. a6 Ra2 40. a7 Nxc3 41. Bxc3 Rxa7 42. Re4 Rc7 43. Kf1 Kf8 44. Ke2 Ke7 45. Bb4+ Kd7 46. Rd4+ Kc8 47. Kd2 Ra7 48. Rxc4+ Kd7 49. Bd6 f5 50. gxf5 gxf5 51. Ke3 g5 52. h4 gxh4 53. Rxh4 Ra2 54. Rh7+ Kd8 55. Re7 Rc2 56. Rxe6 f4+ 57. Kf3 Rc3+ 58. Kxf4 Rh3 59. Re7 Rh8 60. Kf5 Rf8+ 61. Ke6 Rxf2 62. Rh7 Kc8 63. Rh8+ Kb7 64. Kd7 Rf7+ 65. Ke8 Rf1 66. e6 Ra1 67. Kd7 1-0

[Event "Bratislava Slovan op"]
[Site "Bratislava"]
[Date "2018.04.29"]
[Round "4"]
[White "Kulik, Juraj"]
[Black "Zacka, Ladislav"]
[Result "0-1"]
[WhiteElo "1559"]
[BlackElo "1787"]
[PlyCount "126"]
[EventDate "2018.04.27"]
[EventType "swiss"]
[EventRounds "9"]
[EventCountry "SVK"]
[SourceTitle "EXT 2023"]
[Source "ChessBase"]
[SourceDate "2022.10.05"]
[SourceVersion "1"]
[SourceVersionDate "2022.10.05"]
[SourceQuality "1"]

1. d4 d5 2. c4 c6 3. e3 Nf6 4. Nc3 g6 5. Nf3 Bg7 6. Be2 0-0 7. 0-0 Re8 8. c5 Nbd7 9. b4 a5 10. b5 e5 11. Bb2 Ne4 12. Na4 Qe7 13. Re1 Qd8 14. b6 Ng5 15. Bc3 Ne4 16. Bb2 exd4 17. exd4 Ndf6 18. Ne5 Ng5 19. Nf3 Ne6 20. Ne5 Ne4 21. Bf3 f5 22. Bxe4 dxe4 23. Qb3 Kf8 24. Rad1 Qe7 25. Re3 Bxe5 26. dxe5 Nxc5 27. Nxc5 Rd8 28. Ba3 Rxd1+ 29. Qxd1 Ke8 30. Ne6 Qxe6 31. Bd6 Qxa2 32. h3 Qd5 33. Qa1 Be6 34. Qa3 Kf7 35. Bc7 f4 36. Re1 Qd3 37. Qc1 g5 38. Rd1 Qc4 39. Qb2 a4 40. Rc1 Qd5 41. Qe2 f3 42. gxf3 exf3 43. Qe3 Rg8 44. Ra1 g4 45. Qf4+ Kg6 46. hxg4 Bxg4 47. Kh2 Qe6 48. Rg1 h5 49. Qxf3 Kh7 50. Qe4+ Qf5 51. Qd4 a3 52. Rg3 a2 53. Rg2 Rf8 54. Bd6 Qf4+ 55. Qxf4 Rxf4 56. Rg1 Rxf2+ 57. Kg3 Rb2 58. e6 Bxe6 59. Be5 Rxb6 60. Kh4 Bg4 61. Rf1 Rb1 62. Rf7+ Kg8 63. Rg7+ Kf8 0-1

[Event "Bratislava Slovan op"]
[Site "Bratislava"]
[Date "2018.04.27"]
[Round "1"]
[White "Zacka, Ladislav"]
[Black "Druska, Juraj"]
[Result "0-1"]
[WhiteElo "1787"]
[BlackElo "2429"]
[PlyCount "118"]
[EventDate "2018.04.27"]
[EventType "swiss"]
[EventRounds "9"]
[EventCountry "SVK"]
[SourceTitle "EXT 2023"]
[Source "ChessBase"]
[SourceDate "2022.10.05"]
[SourceVersion "1"]
[SourceVersionDate "2022.10.05"]
[SourceQuality "1"]

1. d4 Nf6 2. Nf3 e6 3. g3 b5 4. Bg2 Bb7 5. 0-0 d5 6. b3 Be7 7. Bb2 0-0 8. Nbd2 c5 9. dxc5 Na6 10. Nd4 Nxc5 11. Nxb5 Qb6 12. Nd4 Na4 13. bxa4 Qxb2 14. Nxe6 fxe6 15. Rb1 Qxa2 16. Rxb7 Bc5 17. Rc7 Rac8 18. Rxc8 Rxc8 19. e4 Qxa4 20. exd5 exd5 21. Nb3 Qc4 22. Bf3 Bb6 23. Na1 Ne4 24. Kg2 a5 25. Be2 Qc6 26. Bf3 a4 27. Qd3 Nc3 28. Re1 Qc5 29. Rf1 Rf8 30. Qd2 Qd4 31. Qd3 Kh8 32. h4 Kg8 33. Qxd4 Bxd4 34. Bg4 Rb8 35. Be6+ Kf8 36. Bf5 h6 37. Bd7 Ke7 38. Bf5 Kd6 39. Re1 Kc5 40. Bd7 Kb4 41. Re6 Ka3 42. Ra6 Kb2 43. Bxa4 Kxa1 44. Bb3+ Kb2 45. Rd6 Bxf2 46. Bxd5 Rf8 47. Bf3 Be3 48. Rd7 g5 49. hxg5 hxg5 50. Re7 Bd2 51. Be4 Nxe4 52. Rxe4 Kxc2 53. g4 Rf4 54. Rxf4 Bxf4 55. Kh1 Kd3 56. Kg2 Ke4 57. Kf2 Be5 58. Kg2 Kf4 59. Kh3 Bd4 0-1

[Event "SVK-chT2A 1314"]
[Site "Slovakia"]
[Date "2014.03.16"]
[Round "11.7"]
[White "Puobis, Jozef"]
[Black "Zacka, Ladislav"]
[Result "1/2-1/2"]
[WhiteElo "1857"]
[BlackElo "1768"]
[PlyCount "34"]
[EventDate "2013.10.19"]
[EventType "team-tourn"]
[EventRounds "11"]
[EventCountry "SVK"]
[SourceTitle "EXT 2015"]
[Source "ChessBase"]
[SourceDate "2014.11.20"]
[SourceVersion "1"]
[SourceVersionDate "2014.11.20"]
[SourceQuality "1"]
[WhiteTeam "Gabcikovo"]
[BlackTeam "Krasnany"]
[WhiteTeamCountry "SVK"]
[BlackTeamCountry "SVK"]

1. d4 Nf6 2. Nf3 d5 3. c4 e6 4. Bg5 Be7 5. e3 0-0 6. Nc3 c6 7. Qc2 Nbd7 8. Be2 h6 9. Bh4 Re8 10. 0-0 dxc4 11. Bxc4 Nh5 12. Bxe7 Qxe7 13. Rad1 Nhf6 14. Bd3 e5 15. Bf5 exd4 16. Nxd4 Ne5 17. Bxc8 Raxc8 1/2-1/2

[Event "Bratislava Slovan op"]
[Site "Bratislava"]
[Date "2013.05.03"]
[Round "8"]
[White "Zacka, Ladislav"]
[Black "Sosovicka, Jakub"]
[Result "1/2-1/2"]
[WhiteElo "1814"]
[BlackElo "1615"]
[PlyCount "80"]
[EventDate "2013.04.27"]
[EventType "swiss"]
[EventRounds "9"]
[EventCountry "SVK"]
[SourceTitle "EXT 2023"]
[Source "ChessBase"]
[SourceDate "2022.10.05"]
[SourceVersion "1"]
[SourceVersionDate "2022.10.05"]
[SourceQuality "1"]

1. d4 d5 2. Nf3 Nf6 3. c4 e6 4. Nc3 Be7 5. e3 0-0 6. Bd3 b6 7. cxd5 exd5 8. 0-0 Bb7 9. Qc2 Nbd7 10. Ne5 h6 11. f4 c5 12. Ne2 Rc8 13. Qb1 Qc7 14. Ng3 Rfd8 15. Nf5 Bf8 16. Bd2 Ne4 17. Bxe4 dxe4 18. Qd1 Nxe5 19. dxe5 Qd7 20. Nd6 Bxd6 21. exd6 Qxd6 22. Bc3 Qxd1 23. Rfxd1 Ba6 24. Kf2 f6 25. a3 Bd3 26. Rd2 Kf7 27. Rg1 Rd5 28. g4 Rcd8 29. h4 Kg8 30. g5 fxg5 31. hxg5 hxg5 32. Ke1 Rf8 33. Rdg2 Rff5 34. Be5 Rd7 35. Rxg5 Rxg5 36. Rxg5 Bc4 37. Bc3 Rf7 38. Re5 Bd3 39. Rg5 Bc4 40. Re5 Bd3 1/2-1/2

[Event "Bratislava Slovan op"]
[Site "Bratislava"]
[Date "2013.04.29"]
[Round "4"]
[White "Zacka, Ladislav"]
[Black "Munk, Lubomir"]
[Result "0-1"]
[WhiteElo "1814"]
[BlackElo "1902"]
[PlyCount "72"]
[EventDate "2013.04.27"]
[EventType "swiss"]
[EventRounds "9"]
[EventCountry "SVK"]
[SourceTitle "EXT 2023"]
[Source "ChessBase"]
[SourceDate "2022.10.05"]
[SourceVersion "1"]
[SourceVersionDate "2022.10.05"]
[SourceQuality "1"]

1. d4 Nf6 2. Nf3 g6 3. c4 d5 4. e3 Bg7 5. Nc3 0-0 6. cxd5 Nxd5 7. Qb3 Nb6 8. a4 Be6 9. Qc2 Nc6 10. Ng5 Bc4 11. Bxc4 Nxc4 12. Qb3 N4a5 13. Qd5 Qc8 14. Qf3 h6 15. Nge4 e5 16. d5 Nb4 17. 0-0 Nb3 18. Ra3 Nxc1 19. Rxc1 f5 20. Nc5 e4 21. Qg3 Rf6 22. a5 Bf8 23. Qe5 Kf7 24. Qd4 Bxc5 25. Qxc5 Nd3 26. Qc4 Nxc1 27. Nb5 Nd3 28. Nxc7 Nxb2 29. Qc5 Nd3 30. Qc4 Rd6 31. Rc3 Rb8 32. Qd4 Qh8 33. Qc4 Rc8 34. g3 Qe5 35. f4 Qf6 36. Rc2 Qa1+ 0-1